Постатейный комментарий к части первой Гражданского кодекса Российской Федерации (Запись № 51027)

Подробности
000 -МАРКЕР
контрольное поле 01686nam0a2200301 4500
001 - ИДЕНТИФИКАТОР ЗАПИСИ
контрольное поле RU\NLR\bibl\318205
005 - ИДЕНТИФИКАТОР ВЕРСИИ
контрольное поле 20260406045606.0
010 ## - МЕЖДУНАРОДНЫЙ СТАНДАРТНЫЙ НОМЕР КНИГИ (ISBN)
Номер (ISBN) 5-86225-900-7
Тираж 30000
035 ## - ДРУГИЕ СИСТЕМНЫЕ НОМЕРА
Идентификатор записи (NLR Aleph) 000313275
100 ## - ДАННЫЕ ОБЩЕЙ ОБРАБОТКИ
Данные общей обработки 20021011d2001 |||y0rusy50 ca
101 0# - ЯЗЫК РЕСУРСА
Язык текста, звукозаписи и т.д. русский
102 ## - СТРАНА ПУБЛИКАЦИИ ИЛИ ПРОИЗВОДСТВА
Страна публикации Российская Федерация
105 ## - ПОЛЕ КОДИРОВАННЫХ ДАННЫХ: ТЕКСТОВЫЕ МАТЕРИАЛЫ, МОНОГРАФИЧЕСКИЕ
Кодированные данные о монографическом текстовом документе y |||||||||
200 1# - ЗАГЛАВИЕ И СВЕДЕНИЯ ОБ ОТВЕТСТВЕННОСТИ
Основное заглавие Постатейный комментарий к части первой Гражданского кодекса Российской Федерации
Первые сведения об ответственности А.Н. Гуев
205 ## - СВЕДЕНИЯ ОБ ИЗДАНИИ
Сведения об издании 2-е изд., доп. и перераб.
210 ## - ПУБЛИКАЦИЯ, РАСПРОСТРАНЕНИЕ И ДР.
Место издания, распространения и т.д. М.
Имя издателя, распространителя и т. д. ИНФРА-М
Дата издания, распространения и т.д. 2001
215 ## - ФИЗИЧЕСКАЯ ХАРАКТЕРИСТИКА
Специфическое обозначение материала и объем X,773 с.
Размеры 22
604 ## - ИМЯ И ЗАГЛАВИЕ КАК ПРЕДМЕТ
Связываемые данные 71001$aРоссийская Федерация
-- 50011$aГражданский кодекс$jКомментарии$2nlr_sh2$6z00$3RU\NLR\AUTH\661284044
Имя лица Российская Федерация
Заглавие Гражданский кодекс
Формальный подзаголовок Комментарии
Системный номер авторитетной/нормативной записи 2127648
Идентификатор авторитетной/нормативной записи RU\NLR\AUTH\661284044
604 ## - ИМЯ И ЗАГЛАВИЕ КАК ПРЕДМЕТ
Связываемые данные 71001$aРоссийская Федерация. Законы
-- 50011$aГражданский кодекс Российской Федерации. Ч. 1$2psbo
Имя лица Российская Федерация. Законы
Заглавие Гражданский кодекс Российской Федерации. Ч. 1
606 0# - НАИМЕНОВАНИЕ ТЕМЫ КАК ПРЕДМЕТ
Наименование темы Гражданский кодекс
Формальный подзаголовок Комментарии
Географический подзаголовок Российская Федерация
Системный номер авторитетной/нормативной записи 1557207
Идентификатор авторитетной/нормативной записи RU\NLR\auth\66981293
686 ## - ИНДЕКСЫ ДРУГИХ КЛАССИФИКАЦИЙ
Индекс Х623-324.9(2Р)
700 #1 - ИМЯ ЛИЦА - ПЕРВИЧНАЯ ОТВЕТСТВЕННОСТЬ
Код отношения Автор
Материалы, к которым относится поле rus
Графика поля Кириллица
Начальный элемент ввода Гуев
Часть имени, кроме начального элемента ввода А. Н.
Расширение инициалов личного имени Алексей Николаевич
Идентификатор авторитетной/нормативной записи RU\NLR\auth\775250
Системный номер авторитетной/нормативной записи 115216
801 #0 - ИСТОЧНИК ЗАПИСИ
Страна Российская Федерация
Организация NLR
Дата составления 20021011
Правила каталогизации PSBO
801 #1 - ИСТОЧНИК ЗАПИСИ
Страна Российская Федерация
Организация NLR
Дата составления 20021011
942 ## - ДОПОЛНИТЕЛЬНЫЕ ЭЛЕМЕНТЫ ЗАПИСИ (АБИС)
Тип экземпляра АБИС Книга
980 ## - КОЛЛЕКЦИЯ
Название коллекции Национальная библиография
Экземпляры
Тип экземпляра Дата поступления Источник поступления Стоимость Библиотека постоянного хранения Библиотека текущего хранения Место хранения Шифр хранения Штрих-код Статус экземпляра
Книга 11.10.2002 Покупка 132.21 РНБ (Московский) РНБ (Московский) Русский книжный фонд: издания с 1957 года 2002-5/5701 346327  
Книга 11.10.2002 Покупка 132.21 РНБ (Фонтанка) РНБ (Фонтанка) Юношеский читальный зал Ю Х62-3/Г-93 1-120640